|
|
|
|
| LEADER |
00000nam a22000007a 4500 |
| 005 |
2017122101581.0 |
| 007 |
cr|||| |||| |
| 008 |
171221s2017 bl |||||s|||| 00||0 eng d |
| 020 |
|
|
|a 978-85-63265-85-2
|
| 035 |
|
|
|a 20962
|
| 040 |
|
|
|a vLex
|
| 090 |
|
|
|c 7340
|d 7340
|
| 100 |
1 |
|
|a Magrani, Eduardo
|
| 245 |
1 |
0 |
|a Digital Rights
|h [Recurso electrn̤ico]:
|b Latin America and the Caribbean /
|c Eduardo Magrani
|
| 256 |
|
|
|a Servicio en ln̕ea
|
| 260 |
|
|
|a Rio de Janeiro:
|b FGV - Direito Rio,
|c 2017
|
| 300 |
|
|
|a 1 recurso electrn̤ico
|
| 506 |
1 |
|
|a Disponible solo en los productos indicados
|d vLex Global
|d vLex Global (Academic Edition, excluding Law Schools)
|d vLex Global (U.S. Academic Edition, Law Schools)
|d vLex Global (U.S. Academic Edition, excluding Law Schools)
|d vLex Global (Academic Edition, Law Schools)
|
| 650 |
0 |
4 |
|a Derecho Constitucional
|z Brasil
|
| 650 |
0 |
4 |
|a Propiedad Intelectual
|z Brasil
|
| 740 |
0 |
|
|a vLex Libros (Servicio en ln̕ea)
|
| 856 |
4 |
0 |
|u http://vlex.com/source/digital-rights-20962
|z Acceso restringido
|
| 942 |
|
|
|c BOOK
|
| 999 |
0 |
|
|a Constitutional law
|
| 999 |
0 |
|
|a Intellectual property
|